[Event "III Torneo Leonardo di Bona A"]
[Site "Cutro ITA"]
[Date "1997.04.28"]
[Round "1"]
[White "Scerbo, Antonio"]
[Black "Nurkic, Sahbaz"]
[Result "0-1"]
[WhiteElo "2190"]
[BlackElo "2395"]
[PlyCount "148"]
[EventDate "1997.04.28"]

1.d4 g6 2.c4 Bg7 3.Nc3 Nf6 4.e4 d6 5.Nf3 O-O 6.h3 e5 7.dxe5 dxe5 8.Qxd8 
Rxd8 9.Nd5 Nxd5 10.cxd5 c6 11.Bc4 h6 12.Be3 Nd7 13.dxc6 bxc6 14.O-O-O Re8 
15.Rd6 Nf8 16.Rhd1 Ne6 17.Kb1 Bf8 18.Rxc6 Bb7 19.Bd5 Bxc6 20.Bxc6 Red8 21.
Rxd8 Rxd8 22.Bxa7 Bd6 23.g3 Kf8 24.a3 Ke7 25.Be3 f5 26.Bxh6 Rh8 27.Bg5+ 
Nxg5 28.Nxg5 Bc5 29.f4 exf4 30.exf5 gxf5 31.gxf4 Be3 32.b4 Bxf4 33.Nf3 Kd6
34.b5 Kc5 35.Kc2 Rxh3 36.Kd3 Rh1 37.Ke2 Rh7 38.Kd3 Re7 39.Nh4 Re3+ 40.Kc2 
Kc4 41.Nxf5 Rc3+ 42.Kd1 Kd3 43.Ke1 Rc5 44.Bd7 Rd5 45.Bc8 Rd8 46.Ba6 Bd2+ 
47.Kd1 Re8 48.b6+ Kc3 49.Be2 Rd8 50.b7 Bf4+ 51.Ke1 Rf8 52.Bg4 Rf7 53.Ke2 
Rxb7 54.Kf3 Bb8 55.Ke4 Ra7 56.Kd5 Rxa3 57.Bf3 Ra5+ 58.Ke6 Re5+ 59.Kf6 Kc4 
60.Bh5 Re1 61.Bf3 Kd3 62.Bc6 Be5+ 63.Kf7 Bc3 64.Bd5 Re5 65.Be6 Ke4 66.Nd6+
Kf4 67.Nf5 Ra5 68.Bd7 Ke5 69.Ne3 Ra7 70.Ke8 Bd4 71.Nf5 Bc5 72.Ne7 Ra1 73.
Kf7 Kd6 74.Ke8 Re1 0-1

[Event "III Torneo Leonardo di Bona A"]
[Site "Cutro ITA"]
[Date "1997.04.28"]
[Round "1"]
[White "Vignato, Giovanni"]
[Black "Ljubisavljevic, Zivojin Z."]
[Result "0-1"]
[WhiteElo "2120"]
[BlackElo "2275"]
[PlyCount "94"]
[EventDate "1997.04.28"]

1.e4 g6 2.c4 Bg7 3.Nc3 c5 4.g3 Nc6 5.Bg2 d6 6.Nge2 Nd4 7.O-O Nf6 8.b3 O-O 
9.Bb2 a6 10.Nxd4 cxd4 11.Nd5 Nxd5 12.exd5 Bf5 13.d3 Qd7 14.Re1 g5 15.Be4 
e5 16.dxe6 fxe6 17.Qh5 h6 18.Bxf5 Rxf5 19.Qg6 e5 20.Re2 Raf8 21.Rae1 R8f6 
22.Qh5 Rf3 23.Rd2 Qf5 24.g4 Qd7 25.Re4 Qc6 26.Ree2 R3f4 27.Qh3 b5 28.Qg3 
bxc4 29.bxc4 Qd7 30.h3 Rf3 31.Qg2 Qa4 32.Kh2 Kh8 33.Qf1 Rf8 34.Ba1 Qd7 35.
Qb1 h5 36.Qg1 Qf7 37.Qg2 Qf4+ 38.Kg1 Rb8 39.Bb2 e4 40.dxe4 d3 41.Re3 Rxe3 
42.fxe3 Qxe3+ 43.Qf2 Qxf2+ 44.Kxf2 Rxb2 45.Rxb2 Bxb2 46.gxh5 Bd4+ 47.Ke1 
Be3 0-1

[Event "III Torneo Leonardo di Bona A"]
[Site "Cutro ITA"]
[Date "1997.04.29"]
[Round "2"]
[White "Korneev, Oleg"]
[Black "Vujovic, Milorad"]
[Result "1-0"]
[WhiteElo "2590"]
[BlackElo "2255"]
[PlyCount "55"]
[EventDate "1997.04.28"]

1.e4 c5 2.Nf3 d6 3.d4 cxd4 4.Nxd4 Nf6 5.Nc3 a6 6.Be3 e6 7.f3 Qc7 8.Qd2 b5 
9.g4 Bb7 10.O-O-O Be7 11.h4 Nc6 12.g5 Nd7 13.Nxc6 Bxc6 14.h5 b4 15.Ne2 d5 
16.Nd4 Bb7 17.Bh3 Nc5 18.g6 Bf6 19.gxf7+ Kxf7 20.h6 g6 21.Bg5 e5 22.Bxf6 
Kxf6 23.Nb3 Nxb3+ 24.axb3 Qa5 25.Kb1 Rhd8 26.f4 dxe4 27.fxe5+ Qxe5 28.
Rhf1+ 1-0

[Event "III Torneo Leonardo di Bona A"]
[Site "Cutro ITA"]
[Date "1997.04.29"]
[Round "2"]
[White "Laketic, Gojko"]
[Black "Contin, Daniel"]
[Result "0-1"]
[WhiteElo "2435"]
[BlackElo "2320"]
[PlyCount "76"]
[EventDate "1997.04.28"]

1.Nf3 c5 2.c4 g6 3.d4 cxd4 4.Nxd4 Bg7 5.e4 Nc6 6.Be3 Nf6 7.Nc3 O-O 8.Be2 
d6 9.O-O Bd7 10.Qd2 Nxd4 11.Bxd4 Qa5 12.Rfd1 Rfc8 13.Bxf6 Bxf6 14.Nd5 Qxd2
15.Nxf6+ Kg7 16.Nh5+ gxh5 17.Rxd2 Bg4 18.f3 Be6 19.b3 a5 20.f4 a4 21.f5 
Bd7 22.Rf1 Kf6 23.e5+ Kxe5 24.f6 e6 25.Bxh5 Be8 26.g3 axb3 27.axb3 Ra3 28.
Rf4 d5 29.cxd5 exd5 30.Bf3 Rc1+ 31.Kg2 Bc6 32.Re2+ Kd6 33.Rh4 Rxb3 34.Rxh7
Rcc3 35.Bg4 d4+ 36.Kf2 Bf3 37.Be6 fxe6 38.f7 Rc8 0-1

[Event "III Torneo Leonardo di Bona A"]
[Site "Cutro ITA"]
[Date "1997.04.30"]
[Round "3"]
[White "Contin, Daniel"]
[Black "Ljubisavljevic, Zivojin Z."]
[Result "1/2-1/2"]
[WhiteElo "2320"]
[BlackElo "2275"]
[PlyCount "95"]
[EventDate "1997.04.28"]

1.c4 e5 2.Nc3 f5 3.g3 Nf6 4.Bg2 c6 5.d3 Bb4 6.Qb3 Qe7 7.a3 Bxc3+ 8.Qxc3 
O-O 9.Nf3 e4 10.Nd4 d5 11.cxd5 Nxd5 12.Qc4 Nd7 13.Nxf5 Rxf5 14.dxe4 Nb6 
15.Qd3 Re5 16.exd5 Bf5 17.Qd1 Nxd5 18.O-O Rxe2 19.Be3 Rxb2 20.Bxd5+ cxd5 
21.Qxd5+ Qe6 22.Qxe6+ Bxe6 23.Rac1 a5 24.Rfd1 Bg4 25.Rd5 Ra2 26.Rc7 Bf3 
27.Rf5 Ra1+ 28.Rc1 Rxc1+ 29.Bxc1 Bc6 30.Kf1 a4 31.Re5 Bf3 32.Rf5 Rc8 33.
Be3 Be4 34.Re5 Bf3 35.Rf5 Bc6 36.Ke2 Re8 37.Kd2 Rd8+ 38.Kc3 Rd5 39.Rf4 h6 
40.h4 Rd7 41.Rd4 Rxd4 42.Kxd4 Kf7 43.Ke5 Bf3 44.Kf4 Bd1 45.g4 h5 46.f3 
hxg4 47.fxg4 g6 48.Bc5 1/2-1/2

[Event "III Torneo Leonardo di Bona A"]
[Site "Cutro ITA"]
[Date "1997.04.30"]
[Round "3"]
[White "Scavo, Fernando"]
[Black "Blasco, Domenico"]
[Result "1-0"]
[WhiteElo "2155"]
[BlackElo "2195"]
[PlyCount "59"]
[EventDate "1997.04.28"]

1.Nf3 Nf6 2.c4 c5 3.e3 Nc6 4.d4 d6 5.Nc3 g6 6.d5 Na5 7.Bd2 Bg7 8.a3 b6 9.
b4 Nb7 10.Bd3 O-O 11.O-O e5 12.e4 Nh5 13.g3 Bg4 14.Be2 a5 15.b5 Qd7 16.
Nxe5 Bxe5 17.Bxg4 f5 18.Bxh5 gxh5 19.Qxh5 Kh8 20.Rae1 Qg7 21.Na4 f4 22.Kh1
Rf6 23.Bxf4 Bxf4 24.gxf4 Rxf4 25.e5 Raf8 26.Rg1 Qe7 27.exd6 Qxd6 28.Re6 
R4f5 29.Qg4 Qc7 30.Qxf5 1-0

[Event "III Torneo Leonardo di Bona A"]
[Site "Cutro ITA"]
[Date "1997.05.01"]
[Round "4"]
[White "Korneev, Oleg"]
[Black "Mrdja, Milan"]
[Result "1-0"]
[WhiteElo "2590"]
[BlackElo "2425"]
[PlyCount "67"]
[EventDate "1997.04.28"]

1.e4 c5 2.Nf3 d6 3.d4 cxd4 4.Nxd4 Nf6 5.Nc3 a6 6.Be3 e6 7.f3 Nbd7 8.Qd2 b5
9.O-O-O Bb7 10.g4 h6 11.h4 b4 12.Na4 d5 13.Bh3 Ne5 14.g5 Nfd7 15.b3 Qa5 
16.g6 Nxg6 17.Nxe6 fxe6 18.Bxe6 Bd6 19.Qg2 Ndf8 20.exd5 Qc7 21.Kb1 Qe7 22.
Rhe1 Nxh4 23.Qg4 h5 24.Qh3 Nxf3 25.Qxf3 Nxe6 26.Bg5 Qf7 27.Qe3 O-O 28.dxe6
Qc7 29.e7 Bxe7 30.Bxe7 Rae8 31.Nc5 Bc8 32.Rd5 Bg4 33.Re5 Rf7 34.Nd3 1-0

[Event "III Torneo Leonardo di Bona A"]
[Site "Cutro ITA"]
[Date "1997.05.01"]
[Round "4"]
[White "Nurkic, Sahbaz"]
[Black "Contin, Daniel"]
[Result "1-0"]
[WhiteElo "2395"]
[BlackElo "2320"]
[PlyCount "69"]
[EventDate "1997.04.28"]

1.e4 e6 2.d4 d5 3.Nd2 c5 4.Ngf3 Nf6 5.e5 Nfd7 6.c3 Nc6 7.Bd3 Qb6 8.O-O 
cxd4 9.cxd4 Nxd4 10.Nxd4 Qxd4 11.Nf3 Qb6 12.Qa4 Qb4 13.Qc2 Nc5 14.Bd2 Qb6 
15.Be3 Qb4 16.Bxh7 Bd7 17.Rac1 b6 18.a3 Qb3 19.Qb1 Rxh7 20.Qxh7 Qxb2 21.
Qg8 Ne4 22.h4 Qxa3 23.Ra1 Qb3 24.Rfb1 Qc2 25.Rxb6 axb6 26.Rxa8+ Bc8 27.
Bxb6 Qc1+ 28.Kh2 Qf4+ 29.g3 Qc1 30.Be3 Qc6 31.Ra7 Bb7 32.h5 Nxf2 33.Bxf2 
d4 34.Rxb7 Qxb7 35.Kg2 1-0

[Event "III Torneo Leonardo di Bona A"]
[Site "Cutro ITA"]
[Date "1997.05.02"]
[Round "5"]
[White "Scavo, Fernando"]
[Black "Nurkic, Sahbaz"]
[Result "1/2-1/2"]
[WhiteElo "2155"]
[BlackElo "2395"]
[PlyCount "69"]
[EventDate "1997.04.28"]

1.d4 g6 2.c4 Bg7 3.Nc3 Nf6 4.e4 d6 5.Be2 O-O 6.Nf3 e5 7.O-O Nc6 8.d5 Ne7 
9.Ne1 Ne8 10.f3 f5 11.Be3 f4 12.Bf2 g5 13.c5 Rf7 14.a4 Ng6 15.cxd6 cxd6 
16.a5 h5 17.Nb5 a6 18.Nc3 Nf8 19.b4 Bh6 20.b5 axb5 21.Bb6 Qe7 22.Nxb5 Rg7 
23.Na7 Bd7 24.Bb5 Bxb5 25.Nxb5 g4 26.Rc1 gxf3 27.Qxf3 Qg5 28.Nc7 Nxc7 29.
Rxc7 Qg6 30.Rxg7+ Bxg7 31.Qd3 Nd7 32.Nf3 Nxb6 33.axb6 Ra2 34.Rf2 Ra1+ 35.
Rf1 1/2-1/2

[Event "III Torneo Leonardo di Bona A"]
[Site "Cutro ITA"]
[Date "1997.05.03"]
[Round "6"]
[White "Korneev, Oleg"]
[Black "Scavo, Fernando"]
[Result "1-0"]
[WhiteElo "2590"]
[BlackElo "2155"]
[PlyCount "65"]
[EventDate "1997.04.28"]

1.e4 e6 2.d4 d5 3.Nd2 c5 4.exd5 exd5 5.Ngf3 Nc6 6.Bb5 Bd6 7.dxc5 Bxc5 8.
O-O Ne7 9.Nb3 Bd6 10.Re1 O-O 11.Bg5 a6 12.Bd3 Bg4 13.Bh4 f6 14.Bg3 Ne5 15.
Be2 Be6 16.Nfd4 Bf7 17.Bg4 Nxg4 18.Qxg4 Bxg3 19.Qxg3 Ng6 20.Nf5 Qd7 21.
Nbd4 Rfe8 22.h4 h5 23.Qd6 Rad8 24.Qxd7 Rxe1+ 25.Rxe1 Rxd7 26.Re3 Rc7 27.
Rg3 Kh7 28.a4 Bg8 29.Rb3 Rd7 30.Rb6 Ne5 31.b3 Kg6 32.Nd6 Nc6 33.Nxc6 1-0

[Event "III Torneo Leonardo di Bona A"]
[Site "Cutro ITA"]
[Date "1997.05.04"]
[Round "7"]
[White "Nurkic, Sahbaz"]
[Black "Korneev, Oleg"]
[Result "0-1"]
[WhiteElo "2395"]
[BlackElo "2590"]
[PlyCount "85"]
[EventDate "1997.04.28"]

1.e4 e5 2.Nf3 Nc6 3.Bb5 a6 4.Ba4 Nf6 5.O-O Nxe4 6.d4 b5 7.Bb3 d5 8.dxe5 
Be6 9.c3 Nc5 10.Nbd2 d4 11.Bxe6 Nxe6 12.cxd4 Ncxd4 13.a4 Bc5 14.Nxd4 Bxd4 
15.Qe2 O-O 16.Nf3 Qd5 17.Re1 Rab8 18.axb5 axb5 19.Nh4 Qc4 20.Be3 Qxe2 21.
Rxe2 Ra8 22.Rc1 Bxe5 23.g3 Bf6 24.Nf5 Rfe8 25.Bc5 g6 26.Nh6+ Kg7 27.Ng4 h5
28.Nxf6 Kxf6 29.Bb4 Ra6 30.f4 Rc8 31.Bc3+ Ke7 32.Bb4+ Kf6 33.Bc3+ Ke7 34.
Bb4+ Ke8 35.Rc5 c6 36.f5 gxf5 37.Rxf5 Ra4 38.Bc3 h4 39.gxh4 Rxh4 40.Be1 
Rg4+ 41.Kf1 Rd8 42.Rc2 Rd1 43.h3 0-1

[Event "III Torneo Leonardo di Bona Internazionale"]
[Site "Cutro ITA"]
[Date "1997.04.??"]
[Round "1"]
[White "Bellon Lopez, Juan Manuel"]
[Black "Pegorari, Pietro"]
[Result "1-0"]
[WhiteElo "2465"]
[BlackElo "2360"]
[PlyCount "73"]
[EventDate "1997.04.25"]

1.d4 d5 2.Bg5 Nd7 3.e3 Ngf6 4.f4 Ne4 5.Bh4 c5 6.Bd3 Ndf6 7.Bxf6 exf6 8.c3 
Be7 9.Nd2 f5 10.Qa4+ Kf8 11.Ngf3 c4 12.Be2 Bd7 13.Qc2 Rc8 14.O-O g6 15.Ne5
Kg7 16.g4 Nxd2 17.Qxd2 fxg4 18.Bxg4 Bxg4 19.Nxg4 h5 20.Ne5 f6 21.Nf3 Qd7 
22.Kh1 Qf5 23.Rg1 Kf7 24.Rg2 Qe4 25.Qe2 h4 26.h3 Qf5 27.Rg4 Qe4 28.Rag1 
Rh6 29.R1g2 Qb1+ 30.Kh2 Rch8 31.Rg1 Qf5 32.Qg2 Qe4 33.Qf2 Bd6 34.Ne5+ Bxe5
35.fxe5 Qd3 36.Qxf6+ Ke8 37.Qe6+ 1-0

[Event "III Torneo Leonardo di Bona Internazionale"]
[Site "Cutro ITA"]
[Date "1997.04.??"]
[Round "1"]
[White "Borgo, Giulio"]
[Black "Barlov, Dragan"]
[Result "1/2-1/2"]
[WhiteElo "2390"]
[BlackElo "2455"]
[PlyCount "81"]
[EventDate "1997.04.25"]

1.e4 g6 2.d4 Bg7 3.Nf3 d6 4.c3 Nf6 5.Bd3 O-O 6.O-O Nbd7 7.Re1 e5 8.Nbd2 b6
9.a4 a6 10.Qc2 Bb7 11.dxe5 dxe5 12.b4 c5 13.b5 Qc7 14.Rb1 Ne8 15.Nc4 axb5 
16.axb5 Nd6 17.Bg5 f6 18.Nxd6 Qxd6 19.Bc4+ Kh8 20.Rbd1 Qe7 21.Bh4 Rfd8 22.
Bd5 Bxd5 23.Rxd5 Nf8 24.Rxd8 Rxd8 25.Rd1 Rd7 26.Rxd7 Qxd7 27.Qe2 Ne6 28.
Bg3 Nc7 29.c4 Ne6 30.Kf1 Bh6 31.Ne1 Nd4 32.Qa2 Bf4 33.f3 Bxg3 34.hxg3 Kg7 
35.Nc2 Nxc2 36.Qxc2 Qd4 37.Qa2 Kh6 38.Qc2 g5 39.g4 Kg6 40.Qe2 h6 41.g3 
1/2-1/2

[Event "III Torneo Leonardo di Bona Internazionale"]
[Site "Cutro ITA"]
[Date "1997.04.??"]
[Round "1"]
[White "Efimov, Igor"]
[Black "Naumkin, Igor"]
[Result "1-0"]
[WhiteElo "2530"]
[BlackElo "2435"]
[PlyCount "91"]
[EventDate "1997.04.25"]

1.d4 e6 2.e4 d5 3.exd5 exd5 4.c4 Nf6 5.Nc3 Bb4 6.Nf3 O-O 7.h3 Re8+ 8.Be3 
Ne4 9.Qb3 Qe7 10.O-O-O Bxc3 11.bxc3 dxc4 12.Bxc4 Nc6 13.Ne5 Nd6 14.Nxc6 
bxc6 15.Bd3 Bf5 16.Bxf5 Nxf5 17.Bd2 Reb8 18.Qa4 Qe4 19.Qc2 Qd5 20.Rde1 Nd6
21.Re5 Qxg2 22.Rhe1 Qxf2 23.Qd3 Qf6 24.c4 Qg6 25.Qxg6 hxg6 26.Rc5 Nf5 27.
Bc3 Rb6 28.Kc2 Ra6 29.a4 Rxa4 30.Rxc6 Ra2+ 31.Kd3 Rc8 32.Re2 Rxe2 33.Kxe2 
Ne7 34.Ra6 Re8 35.Kd3 Nc8 36.d5 Rd8 37.Bd4 Rd6 38.Ra5 c6 39.Rc5 Kf8 40.Be5
Rd7 41.Rxc6 Nb6 42.Kd4 Rb7 43.c5 Na4 44.d6 Ke8 45.Rc8+ Kd7 46.c6+ 1-0

[Event "III Torneo Leonardo di Bona Internazionale"]
[Site "Cutro ITA"]
[Date "1997.04.??"]
[Round "2"]
[White "Barlov, Dragan"]
[Black "Abatino, Maurizio"]
[Result "1/2-1/2"]
[WhiteElo "2455"]
[BlackElo "2290"]
[PlyCount "132"]
[EventDate "1997.04.25"]

1.e4 e6 2.d3 d5 3.Qe2 d4 4.f4 c5 5.Nf3 Nc6 6.g3 Bd6 7.e5 Bc7 8.Bg2 Nge7 9.
O-O h5 10.Ng5 Nf5 11.Bf3 g6 12.Ne4 Qe7 13.Nf6+ Kf8 14.Bxc6 bxc6 15.Na3 Kg7
16.Qf3 Bb7 17.Nc4 Rac8 18.b3 Ba6 19.Bd2 Qd8 20.Nb2 Ba5 21.Qf2 Bb5 22.Nd1 
Bb4 23.Qe1 Qa5 24.Ne4 Rhd8 25.Rf2 Qa3 26.Qe2 Bxd2 27.Qxd2 Ba6 28.h3 Ne7 
29.Rg2 Nd5 30.g4 hxg4 31.hxg4 Qb4 32.a3 Qxd2 33.Rxd2 Nxf4 34.Nxc5 Rd5 35.
Nxa6 Rxe5 36.Nf2 Re3 37.Nc5 Rh8 38.Nce4 f5 39.Nd6 Rg3+ 40.Kf1 Rh2 41.gxf5 
gxf5 42.Nfe4 Rh1+ 43.Kf2 Rg2+ 44.Kf3 fxe4+ 45.Kxf4 Rh4+ 46.Ke5 Rxd2 47.
Rg1+ Kf8 48.Rf1+ Kg8 49.Rg1+ Kf8 50.Rf1+ Kg8 51.Nxe4 Rxc2 52.Kxe6 Rg2 53.
Ke5 c5 54.Kd6 Rc2 55.Rf5 Rh6+ 56.Kd5 Ra6 57.a4 Ra5 58.Kd6 Rb2 59.Rg5+ Kf7 
60.Rf5+ Kg6 61.Rg5+ Kh6 62.Rxc5 Ra6+ 63.Ke5 Rxb3 64.Rd5 Rxa4 65.Nc5 Rbb4 
66.Nxa4 Rxa4 1/2-1/2

[Event "III Torneo Leonardo di Bona Internazionale"]
[Site "Cutro ITA"]
[Date "1997.04.??"]
[Round "2"]
[White "Naumkin, Igor"]
[Black "Borgo, Giulio"]
[Result "1/2-1/2"]
[WhiteElo "2435"]
[BlackElo "2390"]
[PlyCount "27"]
[EventDate "1997.04.25"]

1.d4 Nf6 2.c4 c5 3.Nf3 cxd4 4.Nxd4 b6 5.Nc3 Bb7 6.f3 Nc6 7.e4 e6 8.Be3 Bc5
9.Qd2 O-O 10.Be2 Qe7 11.O-O Nxd4 12.Bxd4 d5 13.exd5 exd5 14.cxd5 1/2-1/2

[Event "III Torneo Leonardo di Bona Internazionale"]
[Site "Cutro ITA"]
[Date "1997.04.??"]
[Round "2"]
[White "Pegorari, Pietro"]
[Black "Drasko, Milan"]
[Result "1/2-1/2"]
[WhiteElo "2360"]
[BlackElo "2555"]
[PlyCount "36"]
[EventDate "1997.04.25"]

1.c4 e5 2.Nc3 Nc6 3.g3 g6 4.Bg2 Bg7 5.Rb1 a5 6.a3 f5 7.e3 d6 8.Nge2 Nf6 9.
Nd5 O-O 10.Nec3 Nxd5 11.cxd5 Ne7 12.O-O c6 13.Qb3 Kh8 14.d3 g5 15.Qd1 Bd7 
16.f4 exf4 17.gxf4 gxf4 18.Rxf4 Ng6 1/2-1/2

[Event "III Torneo Leonardo di Bona Internazionale"]
[Site "Cutro ITA"]
[Date "1997.04.??"]
[Round "3"]
[White "Abatino, Maurizio"]
[Black "Naumkin, Igor"]
[Result "1/2-1/2"]
[WhiteElo "2290"]
[BlackElo "2435"]
[PlyCount "30"]
[EventDate "1997.04.25"]

1.d4 e6 2.c4 Nf6 3.Nc3 Bb4 4.e3 c5 5.Ne2 d5 6.a3 Bxc3+ 7.Nxc3 cxd4 8.exd4 
dxc4 9.Bxc4 Nc6 10.d5 exd5 11.Nxd5 O-O 12.O-O Ne5 13.Bb3 Be6 14.Nf4 Bxb3 
15.Qxb3 b6 1/2-1/2

[Event "III Torneo Leonardo di Bona Internazionale"]
[Site "Cutro ITA"]
[Date "1997.04.??"]
[Round "3"]
[White "Borgo, Giulio"]
[Black "Aleksic, Nenad"]
[Result "0-1"]
[WhiteElo "2390"]
[BlackElo "2440"]
[PlyCount "79"]
[EventDate "1997.04.25"]

1.e4 c5 2.Nf3 d6 3.d4 cxd4 4.Nxd4 Nf6 5.f3 a6 6.c4 e6 7.Be3 Be7 8.Nc3 O-O 
9.Be2 Qc7 10.Rc1 b6 11.O-O Bb7 12.Qd2 Nbd7 13.Rfd1 Rfe8 14.Bf1 Rac8 15.Kh1
Qb8 16.Bg1 Bf8 17.b4 Rc7 18.Na4 Ba8 19.Rb1 Rec8 20.Rdc1 g6 21.Be3 e5 22.
Nb3 b5 23.cxb5 Rxc1 24.Nxc1 axb5 25.Nc3 d5 26.exd5 Nb6 27.Nxb5 Nfxd5 28.
Bh6 Nc4 29.Bxc4 Bxh6 30.Qd3 Ne3 31.Bxf7+ Kxf7 32.Nd6+ Kg8 33.Nxc8 Qxc8 34.
Ne2 Nd5 35.Rd1 Be3 36.Nc3 Bd4 37.Ne4 Kg7 38.b5 Nf4 39.Qb1 Qc4 40.Qb3 0-1

[Event "III Torneo Leonardo di Bona Internazionale"]
[Site "Cutro ITA"]
[Date "1997.04.??"]
[Round "3"]
[White "Cabrilo, Goran"]
[Black "Pegorari, Pietro"]
[Result "1/2-1/2"]
[WhiteElo "2475"]
[BlackElo "2360"]
[PlyCount "31"]
[EventDate "1997.04.25"]

1.d4 d5 2.c4 c6 3.Nf3 Nf6 4.Nc3 e6 5.cxd5 exd5 6.Bg5 Be7 7.e3 Nbd7 8.Bd3 
Nf8 9.Qc2 Ne6 10.Bxf6 Bxf6 11.O-O g6 12.b4 a6 13.a4 O-O 14.Rab1 b5 15.a5 
Ng7 16.Ne2 1/2-1/2

[Event "III Torneo Leonardo di Bona Internazionale"]
[Site "Cutro ITA"]
[Date "1997.04.??"]
[Round "3"]
[White "Efimov, Igor"]
[Black "Bellon Lopez, Juan Manuel"]
[Result "1-0"]
[WhiteElo "2530"]
[BlackElo "2465"]
[PlyCount "57"]
[EventDate "1997.04.25"]

1.d4 Nf6 2.Nf3 c5 3.g3 b6 4.d5 d6 5.Bg2 Na6 6.O-O Nc7 7.c4 e5 8.dxe6 fxe6 
9.Nc3 Bb7 10.e4 e5 11.Nd5 Nfxd5 12.exd5 Be7 13.Ng5 g6 14.Ne6 Nxe6 15.dxe6 
Qc8 16.Qa4+ Kd8 17.Bd5 Kc7 18.f4 Rf8 19.Be3 Qe8 20.Qc2 exf4 21.Bxf4 Rf5 
22.Qe4 Bxd5 23.cxd5 Qb5 24.g4 Rf6 25.Be5 Rxf1+ 26.Rxf1 Re8 27.Rf7 Kd8 28.
Bc3 Rf8 29.Bf6 1-0

[Event "III Torneo Leonardo di Bona Internazionale"]
[Site "Cutro ITA"]
[Date "1997.04.??"]
[Round "4"]
[White "Aleksic, Nenad"]
[Black "Abatino, Maurizio"]
[Result "1-0"]
[WhiteElo "2440"]
[BlackElo "2290"]
[PlyCount "70"]
[EventDate "1997.04.25"]

1.e4 e6 2.Nf3 d5 3.Nc3 Nf6 4.e5 Nfd7 5.d4 c5 6.dxc5 Nc6 7.Bf4 Bxc5 8.Bd3 
f6 9.exf6 Nxf6 10.O-O O-O 11.Ne5 Ne4 12.Bxe4 Rxf4 13.Nd3 Rxe4 14.Nxe4 Bb6 
15.Ng3 e5 16.c3 Qf6 17.Nc5 Qf7 18.b4 Bc7 19.Qe2 b6 20.Nb3 Bb7 21.Rac1 a5 
22.b5 a4 23.bxc6 Ba6 24.c4 axb3 25.axb3 Qg6 26.Rfd1 Qxc6 27.Qg4 d4 28.Ra1 
Bb7 29.Rxa8+ Bxa8 30.Nf5 Qf6 31.Nh6+ Kf8 32.Qc8+ Qd8 33.Qxd8+ Bxd8 34.Ng4 
Bf6 35.f4 h5 1-0

[Event "III Torneo Leonardo di Bona Internazionale"]
[Site "Cutro ITA"]
[Date "1997.04.??"]
[Round "4"]
[White "Bellon Lopez, Juan Manuel"]
[Black "Borgo, Giulio"]
[Result "1/2-1/2"]
[WhiteElo "2465"]
[BlackElo "2390"]
[PlyCount "82"]
[EventDate "1997.04.25"]

1.d4 c5 2.d5 Nf6 3.Nf3 g6 4.Nc3 Bg7 5.e4 d6 6.Bb5+ Bd7 7.a4 O-O 8.O-O Bxb5
9.axb5 Nbd7 10.Qe2 Ne8 11.Nd2 Nc7 12.Nc4 a6 13.bxa6 Rxa6 14.Bg5 Nb6 15.
Rxa6 Nxa6 16.Bxe7 Qxe7 17.Nxb6 Re8 18.Re1 Nc7 19.g3 Na8 20.Nxa8 Rxa8 21.
Qc4 h5 22.Kg2 Ra6 23.e5 Rb6 24.e6 Rxb2 25.exf7+ Qxf7 26.Ne4 b5 27.Qd3 Be5 
28.f3 Qf5 29.Ra1 Rxc2+ 30.Qxc2 Bxa1 31.Qb1 Bg7 32.Qxb5 Qxd5 33.Qe8+ Kh7 
34.Qe7 Kh6 35.Nxd6 g5 36.Qd7 Kh7 37.Qf5+ Qxf5 38.Nxf5 Be5 39.Ne3 Kg6 40.
Nc4 Bd4 41.Nd6 Be5 1/2-1/2

[Event "III Torneo Leonardo di Bona Internazionale"]
[Site "Cutro ITA"]
[Date "1997.04.??"]
[Round "4"]
[White "Cabrilo, Goran"]
[Black "Efimov, Igor"]
[Result "1-0"]
[WhiteElo "2475"]
[BlackElo "2530"]
[PlyCount "55"]
[EventDate "1997.04.25"]

1.e4 e5 2.Nf3 Nc6 3.Bb5 g6 4.c3 d6 5.d4 Bd7 6.O-O Bg7 7.dxe5 Nxe5 8.Nxe5 
Bxe5 9.Qb3 Rb8 10.Be3 b6 11.Nd2 Bg7 12.Nf3 Ne7 13.Rad1 O-O 14.Bxd7 Qxd7 
15.e5 d5 16.c4 Rbd8 17.Bg5 f6 18.exf6 Bxf6 19.Bxf6 Rxf6 20.cxd5 Nxd5 21.
Rxd5 Qxd5 22.Rd1 c6 23.Rxd5 Rxd5 24.h4 Kg7 25.Qa3 a5 26.Qe3 c5 27.Ng5 Rd7 
28.Qe5 1-0

[Event "III Torneo Leonardo di Bona Internazionale"]
[Site "Cutro ITA"]
[Date "1997.04.??"]
[Round "4"]
[White "Pegorari, Pietro"]
[Black "Barlov, Dragan"]
[Result "1/2-1/2"]
[WhiteElo "2360"]
[BlackElo "2455"]
[PlyCount "40"]
[EventDate "1997.04.25"]

1.c4 Nf6 2.Nc3 g6 3.e4 d6 4.d4 Bg7 5.Nf3 O-O 6.Be2 c5 7.d5 e6 8.O-O Re8 9.
Qc2 exd5 10.cxd5 Bg4 11.Bg5 Bxf3 12.Bxf3 a6 13.Rfe1 Nbd7 14.a4 Qa5 15.g3 
c4 16.Bf4 Ne5 17.Be2 Nfd7 18.Kg2 Rac8 19.Be3 Nc5 20.Bxc5 Rxc5 1/2-1/2

[Event "III Torneo Leonardo di Bona Internazionale"]
[Site "Cutro ITA"]
[Date "1997.04.??"]
[Round "5"]
[White "Abatino, Maurizio"]
[Black "Bellon Lopez, Juan Manuel"]
[Result "0-1"]
[WhiteElo "2290"]
[BlackElo "2465"]
[PlyCount "44"]
[EventDate "1997.04.25"]

1.d4 Nf6 2.c4 c5 3.d5 a6 4.Nc3 b5 5.cxb5 Qa5 6.b6 Bb7 7.Bd2 Qxb6 8.e4 e6 
9.Bc4 Nxe4 10.Nge2 Nxd2 11.Qxd2 Be7 12.O-O O-O 13.Ng3 a5 14.Rfe1 Na6 15.
Nge4 Nb4 16.d6 Bd8 17.Na4 Qc6 18.Naxc5 f5 19.Nxb7 fxe4 20.a3 Bb6 21.Nxa5 
Rxa5 22.Qxb4 Rxf2 0-1

[Event "III Torneo Leonardo di Bona Internazionale"]
[Site "Cutro ITA"]
[Date "1997.04.??"]
[Round "5"]
[White "Efimov, Igor"]
[Black "Pegorari, Pietro"]
[Result "1-0"]
[WhiteElo "2530"]
[BlackElo "2360"]
[PlyCount "83"]
[EventDate "1997.04.25"]

1.Nf3 Nf6 2.c4 c5 3.Nc3 Nc6 4.g3 g6 5.a3 a5 6.d4 Nxd4 7.Nxd4 cxd4 8.Qxd4 
Bg7 9.Bg2 O-O 10.O-O d6 11.Qh4 Qb6 12.Nb5 d5 13.Be3 Qc6 14.Rac1 Bf5 15.
Rfd1 Be4 16.f3 Bf5 17.Nd4 Qd7 18.cxd5 Nxd5 19.Bh6 Bxh6 20.Qxh6 Nf6 21.e4 
Be6 22.Nf5 Bxf5 23.Rxd7 Bxd7 24.e5 Nd5 25.Rc4 f5 26.exf6 exf6 27.Rd4 Bc6 
28.Bf1 Nb6 29.Rh4 Rf7 30.Qe3 Nd5 31.Qd2 a4 32.Bc4 Rd8 33.Rd4 Rfd7 34.Qa5 
Kg7 35.Bb5 Rd6 36.Bxc6 bxc6 37.Qxa4 Nb6 38.Rxd6 Nxa4 39.Rxd8 Nxb2 40.Rc8 
Nc4 41.a4 Nb6 42.Rc7+ 1-0

[Event "III Torneo Leonardo di Bona Internazionale"]
[Site "Cutro ITA"]
[Date "1997.04.??"]
[Round "6"]
[White "Aleksic, Nenad"]
[Black "Barlov, Dragan"]
[Result "1/2-1/2"]
[WhiteElo "2440"]
[BlackElo "2455"]
[PlyCount "21"]
[EventDate "1997.04.25"]

1.e4 e5 2.Nf3 Nf6 3.Nxe5 d6 4.Nf3 Nxe4 5.Qe2 Qe7 6.d3 Nf6 7.Qxe7+ Bxe7 8.
Be2 O-O 9.O-O c6 10.Bf4 d5 11.Nbd2 1/2-1/2

[Event "III Torneo Leonardo di Bona Internazionale"]
[Site "Cutro ITA"]
[Date "1997.04.??"]
[Round "6"]
[White "Cabrilo, Goran"]
[Black "Abatino, Maurizio"]
[Result "1-0"]
[WhiteElo "2475"]
[BlackElo "2290"]
[PlyCount "89"]
[EventDate "1997.04.25"]

1.e4 e6 2.d4 d5 3.Nc3 dxe4 4.Nxe4 Bd7 5.Nf3 Bc6 6.Bd3 Nd7 7.c4 Ngf6 8.Nc3 
Bd6 9.O-O O-O 10.Bg5 Bxf3 11.Qxf3 c6 12.Rfe1 Re8 13.Rad1 Qa5 14.Bd2 Qh5 
15.Qxh5 Nxh5 16.g3 Nhf6 17.f4 g6 18.Be2 h5 19.Kg2 Kg7 20.Bf3 a6 21.Ne2 
Rac8 22.a4 Bf8 23.a5 Red8 24.Bc3 Kg8 25.Nc1 Ne8 26.Rd3 Nd6 27.b3 Bg7 28.
Red1 Nf6 29.Ne2 Nf5 30.h3 Rd7 31.Be1 Rcd8 32.g4 hxg4 33.hxg4 Ne7 34.Bf2 
Kf8 35.Nc3 Ne8 36.Na4 Rc7 37.d5 cxd5 38.Bb6 Rdc8 39.Bxc7 dxc4 40.Rd7 Rxc7 
41.Rxc7 Nxc7 42.Rd8+ Ne8 43.bxc4 g5 44.Bxb7 gxf4 45.Nc5 1-0

[Event "III Torneo Leonardo di Bona Internazionale"]
[Site "Cutro ITA"]
[Date "1997.04.??"]
[Round "6"]
[White "Efimov, Igor"]
[Black "Borgo, Giulio"]
[Result "1-0"]
[WhiteElo "2530"]
[BlackElo "2390"]
[PlyCount "105"]
[EventDate "1997.04.25"]

1.e4 c5 2.Nf3 e6 3.d4 cxd4 4.Nxd4 Nc6 5.Nb5 d6 6.c4 Nf6 7.N1c3 a6 8.Na3 
Be7 9.Be2 O-O 10.O-O b6 11.Be3 Ne5 12.f4 Ned7 13.Bf3 Bb7 14.Re1 Rc8 15.Bf2
Qc7 16.Qe2 d5 17.exd5 Bxa3 18.dxe6 Bxf3 19.Qxf3 fxe6 20.bxa3 Qxc4 21.Ne4 
Nxe4 22.Rxe4 Qc6 23.Rae1 Nc5 24.Bxc5 Qxc5+ 25.Kh1 Qd5 26.Qe2 Rc6 27.h3 b5 
28.a4 Rc4 29.Re5 Qb7 30.axb5 axb5 31.Rf1 Rcxf4 32.Rxf4 Rxf4 33.Rxb5 Re4 
34.Qf1 Qc7 35.Qb1 Rf4 36.Rb8+ Rf8 37.Rxf8+ Kxf8 38.a4 e5 39.Qe1 Qc4 40.a5 
e4 41.Qa1 Qa6 42.Qa3+ Kf7 43.Qb3+ Ke7 44.Qb4+ Kf7 45.Kg1 h6 46.Qb3+ Ke7 
47.Qb6 Qd3 48.a6 e3 49.a7 Qd1+ 50.Kh2 e2 51.Qe3+ Kf6 52.a8=Q e1=Q 53.Qa6+ 
1-0